Statistiques concernant Mots voc anglais 2 L1 effec

Cliquez ici pour prendre le quiz!

Statistiques générales

  • Ce quiz a été pris 81 fois
  • Le résultat moyen est 9 sur 71

Statistiques - réponses

HintRéponse% Correct
gênant, embarrassantawkward
45%
frontièreborder
45%
HollandaisDutch
45%
éviteravoid
36%
trainer (avec), fréquenterhang out
36%
casierlocker
36%
sûr (en sécurité)safe
36%
avertir, mettre en gardewarn
36%
flambant neufbrand new
27%
devoirduty
27%
preuveevidence
27%
des preuvesevidence
27%
surmonterovercome
27%
voltheft
27%
cornemusebagpipe
18%
flagrantblatant
18%
petite maison de campagnecottage
18%
demeuredwelling
18%
panse de brebishaggis
18%
gérer (situation...)handle
18%
sweat à capuchehoodies
18%
enquêterinvestigate
18%
objet, articleitem
18%
empêcher, prévenirprevent
18%
connaissanceacquaintance
9%
décorer, orneradorn
9%
se fondre (dans la masse, foule)blend in
9%
demoiselle d'honneurbridesmaid
9%
témoin, spectateurbystander
9%
libertés individuellescivil liberties
9%
sabotclog
9%
commettre un délit / une infractioncommit an offense
9%
préoccupationsconcerns
9%
confiserieconfectionery
9%
coupe-gorgecut-throat
9%
donner les moyens deempower
9%
charabiagibberish
9%
impliquerinvolve
9%
ultramoderne, dernier crinewfangled
9%
partisan, adepteproponent
9%
volrobbery
9%
se pointer (informal)rock up (V)
9%
légèrementslightly
9%
surveillancesupervision
9%
de manière approfondiethoroughly
9%
lieu; salle (de réunion, spectacle, sport)venue
9%
passer à toute allurewhizz
9%
un large éventail dea range of
0%
théorie, hypothèseassumption
0%
détendu, décontractécasual
0%
enregistrements de vidéosurveillanceCCTV footage
0%
dissuader qqn dedeter somebody from + v en ing
0%
dénigrer, décrierdisparage
0%
afficherdisplay (V)
0%
assurer, garantirensure
0%
sévère, menaçantforbidding
0%
voir d'un mauvais oeilfrown (V) on
0%
s'en tirer (impunément à bon compte)get away with (crime...)
0%
faire semblant d'adhérer àgive lip-service
0%
se dirigerhead (V)
0%
surveiller, contrôlermonitor
0%
taquiner, se moquer derib (V)
0%
panneauroad sign
0%
dénaturé, déforméskew (V)
0%
repérer (un délit)spot (crime...)
0%
épierspy on
0%
de base, essentielstaple
0%
intervenirstep in
0%
pingre, radin, avarestingy
0%
sortir, ressortirtrot out (V)
0%
flâner, déambulerwander (V)
0%

Distribution des résultats

Percentile par nombre de réponses

% des personnes avec chaque résultat

Votre développement - résultats

Vous n’avez pas pris ce quiz